<?xml version="1.0" encoding="UTF-8"?>
<collection xmlns="http://www.loc.gov/MARC21/slim">
 <record>
  <leader>00484pamaa2200169   4500</leader>
  <controlfield tag="001">0000018655</controlfield>
  <controlfield tag="005">20060811090000.0</controlfield>
  <datafield tag="020" ind1="0" ind2="0">
   <subfield code="a">0155755013 </subfield>
  </datafield>
  <datafield tag="082" ind1=" " ind2=" ">
   <subfield code="a">808 COL</subfield>
  </datafield>
  <datafield tag="090" ind1="0" ind2="0">
   <subfield code="a">PS41 </subfield>
   <subfield code="b">COL 1990</subfield>
  </datafield>
  <datafield tag="100" ind1="1" ind2="0">
   <subfield code="a">COLE </subfield>
  </datafield>
  <datafield tag="245" ind1="1" ind2="0">
   <subfield code="a">Reading and responding to literature  </subfield>
   <subfield code="c">Suz Anne Cole and Jeff Lindemann.</subfield>
  </datafield>
  <datafield tag="260" ind1="0" ind2="0">
   <subfield code="a">San Diego: </subfield>
   <subfield code="b">Harcourt Brace Jovanovich, </subfield>
   <subfield code="c">1990.</subfield>
  </datafield>
  <datafield tag="300" ind1=" " ind2=" ">
   <subfield code="a">xv, 328p.: </subfield>
   <subfield code="b">22cm.</subfield>
  </datafield>
  <datafield tag="650" ind1="0" ind2="0">
   <subfield code="a">English language -- </subfield>
   <subfield code="x">Rhetoric </subfield>
  </datafield>
  <datafield tag="650" ind1="0" ind2="0">
   <subfield code="a">Literature </subfield>
  </datafield>
  <datafield tag="700" ind1="1" ind2="1">
   <subfield code="a">Lindemann, </subfield>
   <subfield code="h">Jeff </subfield>
  </datafield>
 </record>
</collection>
